000
00378nam a22000977a 4500
100
_a
मानव,शम्भूनाथ
_9
80279
245
_a
काशी का संक्षिप्त इतिहास
260
_a
वाराणसी
_b
द भारतीय विद्या प्रकाशन
_c
2018
650
_a
इतिहास
_9
80280
942
_c
HIN
999
_c
63689
_d
63689